[Event "Under The Counter"]
[Site "SchemingMind.com"]
[Date "2024.11.08"]
[Round "-"]
[White "maro"]
[Black "Chessibelle"]
[Result "1-0"]
[WhiteCountry "MEX"]
[BlackCountry "ENG"]
[WhiteElo "1402"]
[WhiteRD "68"]
[BlackElo "1026"]
[BlackRD "58"]
[GameID "748802"]

1. e4 d5 2. exd5 e6 3. dxe6 Bxe6 4. Bb5+ Nd7 5. d4 Nf6 6. Nc3 g6 7. Bg5 Be7 8. Bh6 Ng4 9. Bg7 Rg8 10. Be5 c6
11. Ba4 Qb6 12. Bb3 O-O-O 13. Bxe6 fxe6 14. Nf3 Qxb2 15. Na4 Qb4+ 16. c3 Qc4 17. Nd2 Qd5 18. Qxg4 b5 19. Nc5 Nb6 20. Nxe6 Rde8
21. Nf4+ Qd7 22. Ne6 h5 23. Qh3 a6 24. Ne4 Nc4 25. N4c5 Qa7 26. Ng7+ Kd8 27. Nxe8 Kxe8 28. Ne6 a5 29. Ng7+ Kd8 30. O-O-O Bg5+
31. f4 Be7 32. Rhe1 Ba3+ 33. Kc2 Be7 34. d5 Qf2+ 35. Kd3 Nb2+ 36. Ke4 Nxd1 37. Ne6+ Ke8 38. Ng7+ Kf7 39. Qe6+ Kf8 40. Qc8+ Kf7
41. Qe6+ Kf8 42. Rxd1 Qe2+ 43. Kd4 Qxd1+ 44. Ke3 Qg1+ 45. Kf3 Qc1 46. dxc6 Qd1+ 47. Kg3 Qd3+ 48. Kf2 Bc5+ 49. Bd4 Qxc3 50. Qe8#
1-0

[Event "Under The Counter"]
[Site "SchemingMind.com"]
[Date "2024.11.09"]
[Round "-"]
[White "Chessibelle"]
[Black "maro"]
[Result "0-1"]
[WhiteCountry "ENG"]
[BlackCountry "MEX"]
[WhiteElo "1026"]
[WhiteRD "58"]
[BlackElo "1402"]
[BlackRD "68"]
[GameID "748803"]

1. e4 d5 2. Nc3 e6 3. d3 d4 4. Nce2 e5 5. Bd2 Nc6 6. b3 Bb4 7. c3 dxc3 8. Nxc3 Nf6 9. h3 Be6 10. Be2 Nd4
11. Bf1 a6 12. f3 c6 13. g4 Nd7 14. Bg2 Qh4+ 15. Kf1 Nc5 16. f4 Nxd3 17. Nf3 Qf2#
0-1

[Event "Under The Counter"]
[Site "SchemingMind.com"]
[Date "2024.11.08"]
[Round "-"]
[White "maro"]
[Black "Henk Miedema"]
[Result "1-0"]
[WhiteCountry "MEX"]
[BlackCountry "NED"]
[WhiteElo "1402"]
[WhiteRD "68"]
[BlackElo "735"]
[BlackRD "87"]
[GameID "748804"]

1. e4 d5 2. exd5 Qxd5 3. Nc3 Qe5+ 4. Be2 e6 5. Nf3 Qd6 6. Bb5+ Bd7 7. d3 Bxb5 8. Nxb5 Qd5 9. Nxc7+ Ke7 10. Nxd5+ Kd7
11. Ne5+ Ke8 12. Nc7+ Kd8 13. Nxa8 Bd6 14. Nxf7+ Kd7 15. Nxh8 Ne7 16. Qf3 Nbc6 17. O-O h6 18. Bf4 e5 19. Qg4+ Ke8 20. Bg3 Kf8
21. Ng6+ Kg8 22. Nxe7+ Bxe7 23. Nc7 Nd4 24. Bxe5 Kf8 25. Qxg7#
1-0

[Event "Under The Counter"]
[Site "SchemingMind.com"]
[Date "2024.11.08"]
[Round "-"]
[White "Henk Miedema"]
[Black "maro"]
[Result "0-1"]
[WhiteCountry "NED"]
[BlackCountry "MEX"]
[WhiteElo "775"]
[WhiteRD "81"]
[BlackElo "1356"]
[BlackRD "65"]
[GameID "748805"]

1. e4 d5 2. exd5 e6 3. c4 exd5 4. Qe2+ Qe7 5. Qxe7+ Bxe7 6. cxd5 Bf5 7. Nc3 Nf6 8. Nf3 Nbd7 9. Nb5 O-O 10. Nfd4 Bg6
11. Nxc7 Rac8 12. Ncb5 Bb4 13. Nxa7 Rfe8+ 14. Kd1 Bh5+ 15. Be2 Bxe2+ 16. Nxe2 Rc5 17. a3 Ra5 18. Nd4 Rxa7 19. Nb5 Ra5 20. Nc7 Re5
21. a4 Rc5 22. Re1 Rxe1+ 23. Kxe1 Rxc7 24. d6 Bxd6 25. d3 Bxh2 26. Bd2 Nc5 27. Ba5 Re7+ 28. Kf1 Nxd3 29. Bd8 Rd7 30. Ba5 Ne4
31. Ke2 Nec5 32. Bd2 Nb3 33. Rb1 Nxd2 34. Kxd2 Nxf2+ 35. Ke2 Ne4 36. Ke3 f5 37. Kf3 Nd2+ 38. Kf2 Nxb1 39. b4 g5 40. a5 g4
41. g3 Rd2+ 42. Kf1 Bxg3 43. b5 Nc3 44. a6 bxa6 45. bxa6 Ra2 46. Kg1 Rxa6 47. Kg2 f4 48. Kf1 h5 49. Kg2 h4 50. Kg1 Ra1+
51. Kg2 h3#
0-1

[Event "Under The Counter"]
[Site "SchemingMind.com"]
[Date "2024.11.08"]
[Round "-"]
[White "maro"]
[Black "Alencar"]
[Result "1-0"]
[WhiteCountry "MEX"]
[BlackCountry "BRA"]
[WhiteElo "1389"]
[WhiteRD "64"]
[BlackElo "1308"]
[BlackRD "83"]
[GameID "748806"]

1. e4 d5 2. exd5 Nf6 3. d4 Nxd5 4. c4 Nf6 5. Nc3 e5 6. d5 c6 7. Bg5 cxd5 8. Nxd5 h6 9. Nxf6+ gxf6 10. Qxd8+ Kxd8
11. Bxf6+ Ke8 12. Bxh8 Bb4+ 13. Ke2 Bg4+ 14. f3 Be6 15. b3 Bc3 16. Rd1 Nd7 17. Kf2 Bd4+ 18. Kg3 f6 19. Ne2 Kf7 20. Nxd4 Rxh8
21. Nb5 Nc5 22. Nxa7 Rg8+ 23. Kf2 Ra8 24. Nb5 Rxa2+ 25. Kg3 Nxb3 26. Nc3 Rd2 27. Rxd2 Nxd2 28. Bd3 Nxc4 29. Rb1 b6 30. Nb5 Ke7
31. Rb4 Nd6 32. Nc7 Nf5+ 33. Bxf5
1-0

[Event "Under The Counter"]
[Site "SchemingMind.com"]
[Date "2024.11.08"]
[Round "-"]
[White "Alencar"]
[Black "maro"]
[Result "1-0"]
[WhiteCountry "BRA"]
[BlackCountry "MEX"]
[WhiteElo "1308"]
[WhiteRD "83"]
[BlackElo "1389"]
[BlackRD "64"]
[GameID "748807"]

1. e4 d5 2. exd5 Nf6 3. Nc3 Nxd5 4. Nxd5 Qxd5 5. Qf3 Qxf3 6. Nxf3 Bf5 7. d3 e6 8. Ne5 Bd6 9. Nc4 O-O 10. Nxd6 cxd6
11. Bf4 e5 12. Be3 Nc6 13. c3 d5 14. O-O-O d4 15. cxd4 exd4 16. Bf4 Nb4 17. Bd6 Rfe8 18. Bxb4 Rac8+ 19. Kd2 b6 20. Re1 Rxe1
21. Kxe1 Rc1+ 22. Ke2 Rc2+ 23. Kf3 Rxb2 24. a3 a5 25. Bd6 Rb3 26. g4 Bxd3 27. Bxd3 Rxd3+ 28. Kf4 f6 29. Bc7 g5+ 30. Ke4 Rxa3
31. Kxd4 Ra4+ 32. Ke3 Rxg4 33. f3 Rb4 34. Rd1 Rb3+ 35. Rd3 Rb4 36. Rd6 a4 37. Rxb6 Rb3+ 38. Rxb3 axb3 39. Kd2 b2 40. Kc2
1-0

[Event "Under The Counter"]
[Site "SchemingMind.com"]
[Date "2024.11.09"]
[Round "-"]
[White "Chessibelle"]
[Black "Henk Miedema"]
[Result "1-0"]
[WhiteCountry "ENG"]
[BlackCountry "NED"]
[WhiteElo "959"]
[WhiteRD "56"]
[BlackElo "775"]
[BlackRD "81"]
[GameID "748808"]

1. e4 d5 2. Bd3 Nf6 3. b3 Bg4 4. f3 Bd7 5. h3 Qc8 6. g4 dxe4 7. fxe4 Bxg4 8. Be2 Bxe2 9. Qxe2 Nc6 10. c4 Nd4
11. Qg2 Nc2+ 12. Kf1 Nh5 13. d3 Nxa1 14. Qb2 Ng3+ 15. Kg2 Nxh1 16. Qxa1 Ng3 17. Be3 Nh5 18. Nf3 Nf6 19. Nbd2 e6 20. Qe1 Qd8
21. Nf1 Qxd3 22. e5 Nh5 23. Kh2 Qc2+ 24. N3d2 Qxa2 25. Qf2 h6 26. Qf3 Qc2 27. Qxb7 Rd8 28. Qc6+ Rd7 29. Bxa7 Qa2 30. Be3 Qa5
31. Qf3 f5 32. Qxh5+ Rf7 33. Qg6 Qa8 34. c5 Qc6 35. b4 Qb5 36. Qxe6+ Be7 37. Qc8+ Bd8 38. Bf4 Qxb4 39. Qe6+ Re7 40. Qxf5 Qxc5
41. Ne4 Qc2+ 42. Kg1 Qb3 43. Nc5 h5 44. Bg5 Qc4 45. Ne4 Rf8 46. Qg6+ Rff7 47. Kg2 Qc2+ 48. Nfd2 Rd7 49. h4 Qd1 50. Qe6+ Kf8
51. Be3 Qe1 52. Bc5+ Kg8 53. Qc4 Qxh4 54. e6 Qg4+ 55. Ng3 Qg5 56. exf7+ Kh7 57. f8=Q Qxd2+ 58. Ne2 h4 59. Qfg8+ Kh6 60. Qh8+ Kg5
61. Qhxh4+ Kf5 62. Qhg4+ Ke5 63. Qge6#
1-0

[Event "Under The Counter"]
[Site "SchemingMind.com"]
[Date "2024.11.08"]
[Round "-"]
[White "Henk Miedema"]
[Black "Chessibelle"]
[Result "0-1"]
[WhiteCountry "NED"]
[BlackCountry "ENG"]
[WhiteElo "735"]
[WhiteRD "87"]
[BlackElo "1026"]
[BlackRD "58"]
[GameID "748809"]

1. e4 d5 2. Nc3 Nf6 3. Bb5+ c6 4. Bd3 g6 5. Be2 Bg7 6. d3 O-O 7. Nf3 Nh5 8. O-O e6 9. Bg5 Nf6 10. Qd2 Nbd7
11. Be3 a6 12. e5 Ng4 13. Na4 b6 14. Nd4 Bb7 15. Nb3 b5 16. Nc3 f6 17. Bc5 Re8 18. Bxg4 Nxe5 19. Bb4 Nxg4 20. Nc5 Bc8
21. Qe2 Bf8 22. Qxg4 f5 23. Qe2 Bd6 24. Nb3 Bxb4 25. Nd1 Bd6 26. Na5 Qxa5 27. a3 Qd8 28. a4 Bb7 29. Nc3 c5 30. Rab1 Qd7
31. Ra1 Qc6 32. b3 d4 33. Qd2 Qxg2#
0-1

[Event "Under The Counter"]
[Site "SchemingMind.com"]
[Date "2024.11.11"]
[Round "-"]
[White "Chessibelle"]
[Black "Alencar"]
[Result "0-1"]
[WhiteCountry "ENG"]
[BlackCountry "BRA"]
[WhiteElo "959"]
[WhiteRD "56"]
[BlackElo "1235"]
[BlackRD "103"]
[GameID "748810"]

1. e4 d5 2. Nc3 dxe4 3. Nxe4 Nf6 4. h3 Nxe4 5. Qf3 Nd6 6. b3 Nc6 7. g4 Nd4 8. Qd3 Ne6 9. c4 b5 10. cxb5 Nf4
11. Qf3 e5 12. Qxa8 Bb7 13. Qxa7 Bxh1 14. Qe3 Ng2+ 15. Bxg2 Bxg2 16. Ne2 Ne4 17. Bb2 Bc5 18. d4 exd4 19. Qd3 Bb4+ 20. Kd1 Nxf2+
21. Kc2 Nxd3 22. Kxd3 O-O 23. Nxd4 c5 24. Rg1 cxd4 25. Bxd4 Bc5 26. Kc4 Qxd4#
0-1

[Event "Under The Counter"]
[Site "SchemingMind.com"]
[Date "2024.11.08"]
[Round "-"]
[White "Alencar"]
[Black "Chessibelle"]
[Result "1-0"]
[WhiteCountry "BRA"]
[BlackCountry "ENG"]
[WhiteElo "1235"]
[WhiteRD "103"]
[BlackElo "959"]
[BlackRD "56"]
[GameID "748811"]

1. e4 d5 2. exd5 Qxd5 3. Nc3 Qd8 4. Nf3 h6 5. d4 e6 6. Ne5 g5 7. Bb5+ c6 8. Bc4 Bd6 9. O-O Nf6 10. h3 Bc7
11. f4 O-O 12. Be3 a6 13. fxg5 Nh7 14. gxh6 b5 15. Bd3 f5 16. g4 Qh4 17. Qf3 Nd7 18. Ng6 Qd8 19. Nxf8 Qxf8 20. gxf5 Ndf6
21. fxe6 Bxe6 22. Bxh7+ Kxh7 23. Qxf6 Qg8+ 24. Kh1 Bd6 25. Rg1 Qe8 26. Qg7#
1-0

[Event "Under The Counter"]
[Site "SchemingMind.com"]
[Date "2024.11.08"]
[Round "-"]
[White "Henk Miedema"]
[Black "Alencar"]
[Result "0-1"]
[WhiteCountry "NED"]
[BlackCountry "BRA"]
[WhiteElo "775"]
[WhiteRD "81"]
[BlackElo "1235"]
[BlackRD "103"]
[GameID "748812"]

1. e4 d5 2. d3 dxe4 3. Nc3 exd3 4. Bxd3 Nf6 5. Bb5+ Bd7 6. Qf3 Nc6 7. Bg5 Ne5 8. Qe4 Nxe4 9. Be2 Nxc3 10. bxc3 f6
11. Be3 Bc6 12. Bd1 Bxg2 13. Ne2 Nf3#
0-1

[Event "Under The Counter"]
[Site "SchemingMind.com"]
[Date "2024.11.08"]
[Round "-"]
[White "Alencar"]
[Black "Henk Miedema"]
[Result "1-0"]
[WhiteCountry "BRA"]
[BlackCountry "NED"]
[WhiteElo "1235"]
[WhiteRD "103"]
[BlackElo "775"]
[BlackRD "81"]
[GameID "748813"]

1. e4 d5 2. exd5 Qxd5 3. Nc3 Qe5+ 4. Qe2 Qf6 5. Qf3 Qxf3 6. Nxf3 Bg4 7. Be2 f5 8. h3 Bh5 9. O-O Nf6 10. Bb5+ Kf7
11. Ng5+ Kg6 12. d3 a6 13. Bc4 e5 14. Bf7+ Kh6 15. Ne6+ g5 16. Bxg5#
1-0